Bees : (Record no. 72453)
[ view plain ]
| 000 -LEADER | |
|---|---|
| fixed length control field | 00712nam a2200217 a 4500 |
| 001 - CONTROL NUMBER | |
| control field | 72453 |
| 003 - CONTROL NUMBER IDENTIFIER | |
| rucl marc code | BD-RjUL |
| 005 - DATE AND TIME OF LATEST TRANSACTION | |
| control field | 20211209082249.0 |
| 008 - FIXED-LENGTH DATA ELEMENTS--GENERAL INFORMATION | |
| fixed length control field | 170518s1953 ru a 000 0 eng d |
| 035 ## - SYSTEM CONTROL NUMBER | |
| System control number | (BD-RjUL)72671 |
| 040 ## - CATALOGING SOURCE | |
| Original cataloging agency | MnSU |
| Transcribing agency | MnSI |
| Modifying agency | BD-RjUL |
| Language of cataloging | eng |
| 041 1# - LANGUAGE CODE | |
| Language code of text/sound track or separate title | eng |
| Language code of original | rus |
| 082 04 - DEWEY DECIMAL CLASSIFICATION NUMBER | |
| Classification number | 595.799 |
| Edition number | 23 |
| Author mark and year | KHB 1953 |
| 100 1# - MAIN ENTRY--PERSONAL NAME | |
| Personal name | Khalifman, I. |
| Fuller form of name | (Iosif), |
| Dates associated with a name | 1902-1988. |
| 9 (RLIN) | 214285 |
| 245 10 - TITLE STATEMENT | |
| Title | Bees : |
| Remainder of title | a book on the biology of the bee-colony and the achievements of bee-science / |
| Statement of responsibility, etc. | I. Khalifman. |
| 260 ## - PUBLICATION, DISTRIBUTION, ETC. (IMPRINT) | |
| Place of publication, distribution, etc. | Moscow : |
| Name of publisher, distributor, etc. | Foreign Languages Pub. House, |
| Date of publication, distribution, etc. | 1951, c1953 |
| 300 ## - PHYSICAL DESCRIPTION | |
| Pagination | 365, [1] p. : |
| Illustrations | ill. ; |
| Size | 21 cm. |
| 500 ## - GENERAL NOTE | |
| General note | Translation of the Russian ed.: Pchely. |
| 650 #0 - SUBJECT ADDED ENTRY--TOPICAL TERM | |
| Topical term or geographic name as entry element | Bees. |
| 9 (RLIN) | 214286 |
| 942 ## - ADDED ENTRY ELEMENTS (KOHA) | |
| Source of classification or shelving scheme | Dewey Decimal Classification |
| Koha item type | Books |
| Lost status | Source of classification or shelving scheme | Damaged status | Not for loan | Collection code | Permanent Location | Current Location | Shelving location | Date acquired | Source of acquisition | Total Checkouts | Full call number | Date last seen | Copy number | Koha item type |
|---|---|---|---|---|---|---|---|---|---|---|---|---|---|---|
| Dewey Decimal Classification | Not For Loan | Non-fiction | Central Library, University of Rajshahi | Central Library, University of Rajshahi | Reading Room | 24/09/1958 | USSR | 595.799 KHB 1953 | 18/05/2017 | C-1 | Books |